000 00907 a2200265 4500
003 OSt
005 20180116192347.0
008 120213t xxu||||| |||| 00| 0 eng d
010 _a 2010411524
020 _a9789525498004 (28-v. set : hd.bd.)
020 _a952549800X (28-v. set : hd.bd.)
020 _a9789525498103 (v. 16 : hf.cl.)
035 _a(GyWOH)har045012228
040 _c0
082 _a720.94897
245 0 0 _aAlvar Aalto, architect /
_c[editor: Juhani Pallasmaa].
260 _aHelsinki :
_bAlvar Aalto Foundation :
_bAlvar Aalto Academy,
_c2003.
300 _a152 p. :
_bill. (some col.) ;
_c25 x 31 cm.
600 1 0 _aAalto, Alvar,
_d1898-1976
_xCriticism and interpretation.
650 1 0 _aArchitecture
651 1 0 _aFinland
_zHelsinki.
700 1 _aPallasmaa, Juhani.
942 _aSADA
_cBK
_k720.94897 ALV 2009
_2ddc
999 _c352805
_d352805